000 00590nam a2200253Ia 4500
005 20260123164117.0
008 008 260114s9999 xx 000 0 eng d
020 _a9789390544547
037 _aEBOOK
040 _aCRL
040 _beng
040 _cCRL
041 _2eng
041 _aeng
084 _qCRL
100 _aSREENIVASAN, G.
_91106029
245 0 _aPOWER THEFT - FOURTH EDITION
260 _bPHI
260 _c2020
856 _uhttps://elibrary.phindia.com/ebooks/reader/9789390544547du
942 _cEBOOK
999 _c1671152
_d1671152